000 00219 a2200097 4500
001 48480
100 _aHammond
245 _aHammond citation world atlas
260 _aNew Jersey
_bHammond Inc
_c
090 _c31416
_d31416
942 _aNUST-CAE
_cM
_c23799
999 _c283553
_d283553